| 000 | 01944cam a22004577a 4500 | ||
|---|---|---|---|
| 003 | CHAP | ||
| 005 | 20220329141136.0 | ||
| 008 | 971010s1960 r 00010 d | ||
| 010 | _a63309 | ||
| 011 | _a64281 | ||
| 035 | _a69561 | ||
| 040 | _cCHAP | ||
| 082 |
_a333.0972 _bG6 |
||
| 100 | 0 | 0 |
_aGonzález Ramírez, Manuel. _949314 |
| 245 | 1 | 3 | _aLa revolución social de México |
| 260 |
_aMéxico, D.F. : _bFondo de Cultura Económica, _c1960 |
||
| 300 | _a3 v. | ||
| 490 | 0 | _aVida y pensamiento de México | |
| 505 | _aContenido: v.1 Las ideas-la violencia. -- v.2 Las instituciones sociales el problema económico, --v.3 El problema agrario | ||
| 590 |
_aBATCH-UPD _b10 _c20130109 _lUCH01 _h2337 |
||
| 590 |
_aBATCH-UPD _b10 _c20130110 _lUCH01 _h0530 |
||
| 590 |
_aBATCH-UPD _b10 _c20130409 _lUCH01 _h1905 |
||
| 590 |
_aBATCH-UPD _b10 _c20130410 _lUCH01 _h0210 |
||
| 590 |
_aBATCH-UPD _b10 _c20130914 _lUCH01 _h1254 |
||
| 590 |
_aCONVERSION _b10 _c20130109 _lUCH01 _h1334 |
||
| 650 | 1 | 4 |
_aEjidos _zMéxico. _936039 |
| 650 | 1 | 4 |
_aReforma agraria _zMéxico. _995596 |
| 650 | 1 | 4 |
_aTierras _xTenencia _xHistoria. _9113171 |
| 650 | 1 | 4 |
_aTierras _xTenencia _zMéxico. _9113215 |
| 830 | 0 |
_aVida y pensamiento de México _9119216 |
|
| 901 | _aBK | ||
| 942 | _cLIBRO | ||
| 949 |
_a333.0972 G6 _bBC _cLIBRO _d33724000323291 _eLIBRO _fv.1 _h30501 _i69561 _si |
||
| 949 |
_a333.0972 G6 _bBC _cLIBRO _d33724000324448 _eLIBRO _fv.3 c.2 _h40477 _i69561 _si |
||
| 949 |
_a333.0972 G6 _bBC _cLIBRO _d33724000324612 _eLIBRO _fv.1 c.2 _h30502 _i69561 _si |
||
| 949 |
_a333.0972 G6 _bBC _cLIBRO _d33724000324620 _eLIBRO _fv.2 _h30503 _i69561 _si |
||
| 949 |
_a333.0972 G6 _bBC _cLIBRO _d33724000324638 _eLIBRO _fv.2 c.2 _h30504 _i69561 _si |
||
| 949 |
_a333.0972 G6 _bBC _cLIBRO _d33724000324646 _eLIBRO _fv.3 c.3 _h30505 _i69561 _si |
||
| 949 |
_a333.0972 G6 _bBC _cLIBRO _d33724000324653 _eLIBRO _fv.3 c.4 _h30506 _i69561 _si |
||
| 949 |
_a333.0972 G6 _bBC _cLIBRO _d33724000324661 _eLIBRO _fv.3 _h40458 _i69561 _si |
||
| 999 |
_c63309 _d63309 |
||